Yogic practices for working women (Record no. 396216)

MARC details
000 -LEADER
fixed length control field 00556 a2200193 4500
005 - DATE & TIME
control field 20260225095427.0
008 - FIXED-LENGTH DATA ELEMENTS--GENERAL INFORMATION
fixed length control field 260224b |||||||| |||| 00| 0 eng d
020 ## - ISBN
International Standard Book Number 9789390016594
Price Rs. 650.00
040 ## - CATALOGING SOURCE
Original cataloging agency VIVEKANANDA LIBRARY
082 ## - DDC NUMBER
Classification number 796.076137046
Book Number S79Y
100 ## - MAIN ENTRY--PERSONAL NAME
Personal name Suryawanshi, Sonali B Sirbhate
245 ## - TITLE STATEMENT
Title Yogic practices for working women
260 ## - PUBLICATION, DISTRIBUTION, ETC. (IMPRINT)
Name of publisher, distributor, etc Sports Publication
Date of publication, distribution, etc 2026
Place of publication, distribution, etc New Delhi
300 ## - PHYSICAL DESCRIPTION
Pages ix, 134
650 ## - Subject
Subject Working Women- Health and Hygiene
650 ## - Subject
Subject Stress Management
650 ## - Subject
Subject Women- Health and Fitness
942 ## - ADDED ENTRY ELEMENTS (KOHA)
Koha item type Books
Holdings
Withdrawn status Lost status Source of classification or shelving scheme Damaged status Not for loan Location (home branch) Sublocation or collection (holding branch) Shelving location Date acquired Koha issues (times borrowed) Koha full call number Accession No. Koha date last seen Koha item type
    Dewey Decimal Classification     VIVEKANANDA LIBRARY VIVEKANANDA LIBRARY Vivekananda Library 02/02/2026   796.076137046 S79Y 444978 02/02/2026 Books
    Dewey Decimal Classification     VIVEKANANDA LIBRARY VIVEKANANDA LIBRARY Vivekananda Library 02/02/2026   796.076137046 S79Y 444979 02/02/2026 Books
© Designed and Maintained by Vivekananda Library, MDU Rohtak